Programovacie jazyky pre umelú inteligenciu

Enregistré dans:
Détails bibliographiques
Auteur principal: Návrat, Pavol, 1952- (Auteur)
Format: Livre
Publié: Bratislava : SVŠT v Bratislave, 1987
Tags: Ajouter un tag
Pas de tags, Soyez le premier à ajouter un tag!

MARC

LEADER 00000nam a22000003a 4500
001 stu291725
005 20150617230300.5
008 140618s--------cs----------------------d
040 |a STU  |b slo 
041 0
044 |a cs 
100 1 |a Návrat, Pavol,  |d 1952-  |4 aut  |u I200  |U FIIT Fakulta informatiky a informačných technológií  |T FIIT Ústav informatiky a softvérového inžinierstva  |X 4660  |U I200  |Y 179  |7 4660 
245 1 |a Programovacie jazyky pre umelú inteligenciu 
260 |a Bratislava :  |b SVŠT v Bratislave,  |c 1987 
300 |a 133 s 
996 |c I*S780  |l II680  |s A  |a 24  |w stu291725_0001